| 000 | 00640nam a2200217Ia 4500 | ||
|---|---|---|---|
| 001 | 12379 | ||
| 003 | GE_BSU | ||
| 008 | 181216s||||||||xx |||||||||||||| ||und|| | ||
| 040 | _cGE_BSU | ||
| 080 | _a635/(085.8) | ||
| 100 | _aМарков,В.М. | ||
| 245 | _aОвцеводство | ||
| 245 | _bУч-к для студ. сельхоз-х вузов по спец.1503 "Плодоовощеводство виноградарство | ||
| 245 | _cРед.Ю.Г.Челышкин | ||
| 260 | _aМосква | ||
| 260 | _bКолос | ||
| 260 | _c1974 | ||
| 300 | _a511стр.22см. | ||
| 653 | _aОвцеводство | ||
| 942 | _cBK | ||
| 999 |
_c45553 _d45553 |
||